000
00331nam a22001337a 4500
008
181016b xxu||||| |||| 00| 0 eng d
020
_a
9790074378730
041
_a
eng
080
_a
338
100
_a
53
101
_a
MAN
245
_a
The Legal Enviromental Of Risk Mangement And Insurace
_c
Mallor.B
942
_2
udc
_c
BK
999
_c
49845
_d
49845